Southern crops as grown and described by successful farmers, and published from time to time in the Southern cultivator, including Farish Furman's favorite formula /

Bibliographic Details
Main Author: Hunnicutt, George Fredrick, 1863-
Format: Book
Language:English
Published: [Atlanta, Ga.] : [The Cultivator publshing company], [1911]
Edition:[Enl. and rev. ed.].
Subjects:

MARC

Tag First Indicator Second Indicator Subfields
LEADER 00000cam a2200000 4500
001 in00000037506
005 20151007074329.0
008 791207s1911 gaua 00010 engm
010 |a  11014768  
035 |a (OCoLC)05772126 
035 |9 AAF1340AM 
037 |c $1.00 
040 |a DLC  |c NRC  |d NRC  |d TXA  |d UtOrBLW 
043 |a n-usu-- 
049 |a TXAM  |c [1759] 
050 0 0 |a S445  |b .H8 1911 
092 |a 633  |b H938s, 1911 
100 1 |a Hunnicutt, George Fredrick,  |d 1863- 
245 1 0 |a Southern crops as grown and described by successful farmers, and published from time to time in the Southern cultivator, including Farish Furman's favorite formula /  |c Comp. by G. F. Hunnicutt ... 
250 |a [Enl. and rev. ed.]. 
264 1 |a [Atlanta, Ga.] :  |b [The Cultivator publshing company],  |c [1911] 
264 4 |c [©1911] 
300 |a 382 pages including frontispiece, illustrations ;  |c 20 cm. 
336 |a text  |b txt  |2 rdacontent 
337 |a unmediated  |b n  |2 rdamedia 
338 |a volume  |b nc  |2 rdacarrier 
650 0 |a Agriculture  |z Southern States. 
999 |a MARS 
999 f f |s 66f96a7d-6969-3dc3-b53a-ed79993aedba  |i acc16e1e-b860-3d82-80de-d4d73253f7ed  |t 0 
952 f f |p ric  |a Texas A&M University  |b Rellis Campus  |c Joint Library Facility  |d Remote Storage  |t 0  |e S445 .H8 1911  |h Library of Congress classification  |i unmediated -- volume  |m A14801071750 
998 f f |a S445 .H8 1911  |t 0  |l Remote Storage